Innovación en las pymes : factores de éxito y relación con su supervivencia : estudio bibliográfico 1987-1995 /
Obra que analiza biblografía internacional y española en torno a la innovación tecnológica en la pequeña y mediana empresa. Resalta la importancia de la innovación tecnológica como elemento para elevar la competitividad de las pymes.
Uloženo v:
| Hlavní autor: | |
|---|---|
| Další autoři: | , |
| Médium: | Kniha |
| Jazyk: | španělština |
| Edice: | (Estudios Cotec ;
7) |
| Témata: | |
| Tagy: |
pymes
1
|
MARC
| LEADER | 00000nam^a2200000^a^4500 | ||
|---|---|---|---|
| 001 | 000139904 | ||
| 005 | 20250521000000.0 | ||
| 009 | 20260310095522.202 | ||
| 037 | |a Acervo ITESO - Biblioteca | ||
| 041 | |a ESP | ||
| 082 | |a 658. 406 |b EST V. 7 | ||
| 100 | |a Camarero Comesaña, Myriam |e (autor) | ||
| 245 | 1 | 0 | |a Innovación en las pymes : |b factores de éxito y relación con su supervivencia : estudio bibliográfico 1987-1995 / |c M. Camarero Comesaña, C. Flórez Carracedo, P. Lázaro Martínez. |
| 264 | |a Madrid, España : |b Fundación Cotec para la Innovación Tecnológica, |c 1995? | ||
| 300 | |a 102 p. | ||
| 336 | |a texto |b txt |2 rdacontenido | ||
| 337 | |a sin mediación |b n |2 rdamedio | ||
| 338 | |a volumen |b nc |2 rdasoporte | ||
| 440 | 1 | |a (Estudios Cotec ; |v 7) | |
| 520 | |a Obra que analiza biblografía internacional y española en torno a la innovación tecnológica en la pequeña y mediana empresa. Resalta la importancia de la innovación tecnológica como elemento para elevar la competitividad de las pymes. | ||
| 649 | |a XX | ||
| 650 | |a Pequeña Empresa | ||
| 650 | |a Mediana Empresa | ||
| 650 | |a Empresas - |x Administración | ||
| 650 | |a Industria - |x Administración | ||
| 650 | |a Tecnología - |x Administración - |x Bibliografías | ||
| 650 | |a Tecnología - |x Aspectos Económicos | ||
| 650 | |a Desarrollo Tecnológico | ||
| 650 | |a Cambio Organizacional | ||
| 650 | |a Desarrollo Organizacional | ||
| 650 | |a Competitividad | ||
| 650 | |a Toma de Decisiones | ||
| 650 | |a Proceso de Producción | ||
| 650 | |a Administración del Producto | ||
| 650 | |a Proceso Administrativo - |x Dirección | ||
| 650 | |a Economía | ||
| 650 | |a Ciencias Administrativas | ||
| 700 | |a Flórez Carracedo, Carmen |e (autor) | ||
| 700 | |a Lázaro Martínez, Pilar |e (autor) | ||
| 910 | |a Fondo General | ||
| 920 | |a Impresos - Libros | ||
| 930 | |a Colección General | ||
| 905 | |a 101 | ||
| 901 | |a 0500068309 |b IT1 |c ACC |u 20250521 | ||
| 902 | |a https://opac.biblio.iteso.mx/vufind/Record/000139904 | ||